[Event "ICS rated blitz match"]
[Site "204.178.125.65"]
[Date "2001.01.06"]
[Round "?"]
[White "Hossa"]
[Black "REIS9"]
[Result "1-0"]
[WhiteElo "2571"]
[BlackElo "1906"]
[PlyCount "43"]
[EventDate "2001.??.??"]

1. c4 c5 2. Nc3 Nc6 3. g3 g6 4. Bg2 Bg7 5. e3 e5 6. Nge2 Nf6 7. d4 exd4 8. exd4
cxd4 9. Nxd4 Qe7+ 10. Be3 Nxd4 11. Qxd4 d6 12. Nb5 Bd7 13. Nc7+ Kd8 14. Nxa8 b6
15. O-O-O Ng4 16. Qxg7 Nxe3 17. Qxh8+ Be8 18. fxe3 Qxe3+ 19. Kb1 Qe2 20. Qf6+
Kd7 21. Qxd6+ Kc8 22. Qd8# {REIS9 checkmated} 1-0

[Event "ICS rated blitz match"]
[Site "204.178.125.65"]
[Date "2001.01.06"]
[Round "?"]
[White "Njall"]
[Black "Hossa"]
[Result "0-1"]
[WhiteElo "2314"]
[BlackElo "2574"]
[PlyCount "54"]
[EventDate "2001.??.??"]

1. d4 f5 2. g3 e6 3. Bg2 Nf6 4. Nf3 d5 5. O-O Bd6 6. b3 Qe7 7. Bb2 O-O 8. c4
dxc4 9. bxc4 c5 10. e3 Rd8 11. Nbd2 Nc6 12. a3 Bd7 13. Qc2 Rac8 14. Rfd1 cxd4
15. exd4 Rf8 16. Rac1 Bxa3 17. Ne5 Bb4 18. Nxd7 Qxd7 19. d5 exd5 20. Bxf6 Rxf6
21. Bxd5+ Kh8 22. Nf3 Bc5 23. Rb1 Nb4 24. Qb3 f4 25. Ne5 Qf5 26. Bxb7 fxg3 27.
Bxc8 Qxf2+ {Njall resigns} 0-1

[Event "ICS rated blitz match"]
[Site "204.178.125.65"]
[Date "2001.01.06"]
[Round "?"]
[White "Hossa"]
[Black "andrewt"]
[Result "1-0"]
[WhiteElo "2580"]
[BlackElo "2332"]
[PlyCount "57"]
[EventDate "2001.??.??"]

1. c4 Nf6 2. g3 g6 3. Bg2 Bg7 4. Nc3 O-O 5. Nf3 c6 6. O-O d5 7. cxd5 cxd5 8. d4
Nc6 9. Bf4 Bf5 10. Nh4 Be6 11. Qb3 Qd7 12. Nf3 Ne4 13. Rfd1 Nxc3 14. bxc3 Na5
15. Qb4 Nc4 16. Nd2 Nxd2 17. Rxd2 Rac8 18. e4 Rc4 19. Qb2 Rfc8 20. Rc1 Qc6 21.
Re2 Kf8 22. Bg5 Rc7 23. Rce1 Rxc3 24. exd5 Bxd5 25. Bxd5 Qxd5 26. Rxe7 Kg8 27.
Rxc7 Rxc7 28. Re8+ Bf8 29. Qa3 {andrewt resigns} 1-0

[Event "ICS rated blitz match"]
[Site "204.178.125.65"]
[Date "2001.01.06"]
[Round "?"]
[White "ChesterX"]
[Black "Hossa"]
[Result "1-0"]
[WhiteElo "2571"]
[BlackElo "2583"]
[PlyCount "217"]
[EventDate "2001.??.??"]

1. e4 c5 2. Nf3 Nc6 3. Bb5 e6 4. Nc3 Nge7 5. O-O a6 6. Bxc6 Nxc6 7. d4 cxd4 8.
Nxd4 Be7 9. Nxc6 dxc6 10. Qxd8+ Kxd8 11. Rd1+ Ke8 12. Bf4 f6 13. Bd6 e5 14. Na4
Bd8 15. Rd2 Kf7 16. c4 Be6 17. Nc5 Ba5 18. Rc2 Bc8 19. Nb3 Bb6 20. c5 Bd8 21.
Rd1 a5 22. Nd2 Be6 23. Nc4 Be7 24. Bxe7 Kxe7 25. Nd6 Bxa2 26. Ra1 Bb3 27. Rc3
a4 28. Nxb7 Rhb8 29. Nd6 Kf8 30. f3 Ra7 31. Rd3 Rd7 32. Rc1 g6 33. g3 h6 34. f4
exf4 35. gxf4 Ke7 36. Rd2 Ke6 37. Rc3 g5 38. f5+ Ke7 39. Rh3 Rh8 40. Re3 Rhd8
41. Rf2 Ra7 42. e5 Ra5 43. exf6+ Kxf6 44. Rd3 Rf8 45. Re2 Ra7 46. Ne4+ Kg7 47.
Rf2 Rb7 48. Rd6 Rbf7 49. Ng3 Bd5 50. h3 Kh7 51. f6 Kh8 52. Ne2 Rc8 53. Nc3 Bb3
54. Kh1 Kh7 55. Rf1 Kg6 56. Kh2 h5 57. Rf2 Rcc7 58. Rg2 Kf5 59. Kg1 g4 60. Rf2+
Kg5 61. Ne4+ Kg6 62. hxg4 hxg4 63. Rd4 Rf8 64. Rf4 Kh5 65. Rf5+ Kh6 66. Rd2 g3
67. Rf3 Rg8 68. Nd6 Bf7 69. Rg2 Rd7 70. Rfxg3 Rxg3 71. Rxg3 Bd5 72. Kf2 Rd8 73.
Ke3 Rb8 74. f7 Rf8 75. Nf5+ Kh7 76. Rh3+ Kg6 77. Ne7+ Kxf7 78. Nxd5 Re8+ 79.
Kd4 Rd8 80. Rf3+ Kg7 81. Rf5 Rd7 82. Rg5+ Kf7 83. Re5 Rd8 84. Kc4 cxd5+ 85.
Rxd5 Rb8 86. Rd2 Ke6 87. c6 Ke5 88. Kc5 Rc8 89. Rd4 Ke6 90. Rxa4 Ke7 91. Re4+
Kf6 92. c7 Kf7 93. Kb6 Kf6 94. Re8 Rxe8 95. b4 Ke6 96. Kc6 Ke5 97. b5 Re6+ 98.
Kc5 Re8 99. b6 Rc8 100. Kc6 Rg8 101. b7 Rg6+ 102. Kb5 Rg7 103. b8=Q Kd4 104.
Qd8+ Ke3 105. c8=Q Ke2 106. Qc4+ Kf2 107. Qd2+ Kg3 108. Qcf4+ Kh3 109. Qdh2# {
Hossa checkmated} 1-0

[Event "ICS rated blitz match"]
[Site "204.178.125.65"]
[Date "2001.01.06"]
[Round "?"]
[White "Hossa"]
[Black "warps"]
[Result "1/2-1/2"]
[WhiteElo "2566"]
[BlackElo "2595"]
[PlyCount "143"]
[EventDate "2001.??.??"]

1. c4 e5 2. Nc3 Nf6 3. Nf3 Nc6 4. g3 Bb4 5. Bg2 O-O 6. O-O e4 7. Ng5 Bxc3 8.
bxc3 Re8 9. Qc2 Qe7 10. d3 exd3 11. exd3 Qe2 12. Qd1 Qxd1 13. Rxd1 Ne5 14. Rb1
d6 15. Bf4 c6 16. Nf3 Rb8 17. Nxe5 dxe5 18. Be3 Nd7 19. f4 Ra8 20. Re1 f6 21.
Bf3 exf4 22. gxf4 Nf8 23. Kg2 Ng6 24. Kg3 Rd8 25. d4 Ne7 26. Kf2 a6 27. d5 cxd5
28. Bb6 Rd7 29. Bc5 Kf7 30. Bxe7 Rxe7 31. Bxd5+ Kf8 32. Rxe7 Kxe7 33. Bxb7 Rb8
34. Be4 Rxb1 35. Bxb1 Kd6 36. Bxh7 Be6 37. Ke3 Kc5 38. Bc2 Bxc4 39. a3 Bb5 40.
Bd3 Bc4 41. h4 a5 42. Bg6 Be6 43. Kd3 Kb5 44. Kc2 Ka4 45. Kb2 Kb5 46. a4+ Kc5
47. Bd3 Bd7 48. Ka3 Bg4 49. Bc2 Kc4 50. Kb2 Bd7 51. f5 Kd5 52. Kb3 Be8 53. Bd3
Ke5 54. Bb5 Bf7+ 55. Bc4 Bh5 56. Bd3 Bd1+ 57. Bc2 Bxc2+ 58. Kxc2 Kxf5 59. Kd3
Ke5 60. h5 Kd5 61. c4+ Kc5 62. Ke4 Kxc4 63. Kf5 Kb3 64. Kg6 f5 65. Kxf5 Kxa4
66. Kg6 Kb4 67. Kxg7 a4 68. h6 a3 69. h7 a2 70. h8=Q a1=Q+ 71. Kh7 Qxh8+ 72.
Kxh8 {Game drawn because neither player has mating material} 1/2-1/2

[Event "ICS Rated blitz match"]
[Site "204.178.125.65"]
[Date "2001.01.06"]
[Round "?"]
[White "Hossa"]
[Black "mambrino"]
[Result "1-0"]
[WhiteElo "2567"]
[BlackElo "2028"]
[PlyCount "91"]
[EventDate "2001.??.??"]

1. e4 e6 2. d4 d5 3. e5 c5 4. c3 Nc6 5. Nf3 Qb6 6. Bd3 cxd4 7. cxd4 Bd7 8. O-O
Nxd4 9. Nxd4 Qxd4 10. Nc3 a6 11. Re1 Ne7 12. Bg5 Nc6 13. Bc2 Qxd1 14. Raxd1 h6
15. Bf4 Be7 16. Rd2 Nb4 17. Bb3 Rc8 18. a3 Nc6 19. Rc1 Bg5 20. Bxg5 hxg5 21.
Re1 Rh4 22. g3 Rh6 23. Bc2 Ke7 24. f3 f6 25. exf6+ Kxf6 26. Ba4 b5 27. Bd1 Ne5
28. Nxd5+ exd5 29. Rxd5 Re8 30. Rexe5 Rxe5 31. Rxd7 Ke6 32. Rd2 Re1+ 33. Kg2
Ke5 34. Bb3 Rd6 35. f4+ gxf4 36. gxf4+ Kxf4 37. Rxd6 Re2+ 38. Kg1 Rxb2 39. Bf7
a5 40. Rg6 b4 41. axb4 axb4 42. Rxg7 b3 43. Rg3 Rb1+ 44. Kg2 b2 45. Rb3 Ke5 46.
Bg6 {mambrino resigns} 1-0

[Event "ICS rated standard match"]
[Site "204.178.125.65"]
[Date "2001.01.06"]
[Round "?"]
[White "nitmo"]
[Black "Hossa"]
[Result "0-1"]
[WhiteElo "1930"]
[BlackElo "2330"]
[PlyCount "74"]
[EventDate "2001.??.??"]

1. e4 c5 2. Nf3 a6 3. d4 cxd4 4. Nxd4 Nf6 5. Bd3 e5 6. Ne2 Bc5 7. h3 Nc6 8.
Nbc3 O-O 9. O-O Nb4 10. Bg5 h6 11. Bxf6 Qxf6 12. a3 Nc6 13. Nd5 Qg5 14. b4 Ba7
15. Qc1 Qh4 16. b5 axb5 17. Nc7 Rb8 18. Nxb5 Bc5 19. Qe1 d6 20. Kh2 Be6 21. f3
Qxe1 22. Rfxe1 Ra8 23. Reb1 Rfc8 24. Nec3 Ne7 25. Nd5 Nxd5 26. exd5 Bxd5 27.
Be4 Bxe4 28. fxe4 Ra4 29. Rd1 Rxe4 30. Nxd6 Bxd6 31. Rxd6 Rxc2 32. Rd8+ Kh7 33.
Rd7 Ree2 34. Rg1 f5 35. Rxb7 f4 36. Kh1 f3 37. g4 Rh2# {nitmo checkmated} 0-1

[Event "ICS rated blitz match"]
[Site "204.178.125.65"]
[Date "2001.01.06"]
[Round "?"]
[White "Foe-hammer"]
[Black "Hossa"]
[Result "1-0"]
[WhiteElo "2897"]
[BlackElo "2568"]
[PlyCount "69"]
[EventDate "2001.??.??"]

1. e4 c5 2. Nf3 a6 3. c3 Nc6 4. d4 d5 5. exd5 Qxd5 6. Be3 cxd4 7. cxd4 e6 8.
Nc3 Qa5 9. d5 Nb4 10. Bc4 exd5 11. Bb3 Bf5 12. O-O Nf6 13. Re1 Be7 14. Bg5 Kf8
15. Re5 Be6 16. Nd4 Bg4 17. Qd2 h6 18. Rxe7 hxg5 19. Rae1 Ne4 20. R1xe4 dxe4
21. Rxf7+ Ke8 22. Ndb5 axb5 23. Qxg5 Nc6 24. Qxg7 Ne7 25. Rxe7+ Kd8 26. Rxb7
Kc8 27. Rxb5 Qa7 28. Qxg4+ Kc7 29. Qg7+ Kd6 30. Rd5+ Kc6 31. Ba4+ Qxa4 32. Qd7+
Kb6 33. Nxa4+ Ka6 34. Qc6+ Ka7 35. Qb6# {Hossa checkmated} 1-0

[Event "ICS rated standard match"]
[Site "204.178.125.65"]
[Date "2001.01.06"]
[Round "?"]
[White "Hossa"]
[Black "nitmo"]
[Result "1-0"]
[WhiteElo "2333"]
[BlackElo "1927"]
[PlyCount "47"]
[EventDate "2001.??.??"]

1. d4 g6 2. e4 Bg7 3. c3 d5 4. exd5 Qxd5 5. Nf3 h5 6. Bd3 Nh6 7. Bf4 c6 8. Nbd2
Bf5 9. Bc4 Qd8 10. Bxh6 Bxh6 11. Qb3 Qb6 12. Bxf7+ Kf8 13. Nh4 Kg7 14. Nxf5+
gxf5 15. Nf3 Nd7 16. Qe6 Nf6 17. Qxe7 Qd8 18. Qxb7 Rb8 19. Qxa7 Ra8 20. Qb7 Rb8
21. Qa6 Kxf7 22. Ne5+ Kg8 23. Qxc6 Qe8 24. Qxf6 {nitmo resigns} 1-0

[Event "ICS rated standard match"]
[Site "204.178.125.65"]
[Date "2001.01.06"]
[Round "?"]
[White "rigby"]
[Black "Hossa"]
[Result "0-1"]
[WhiteElo "1981"]
[BlackElo "2342"]
[PlyCount "46"]
[EventDate "2001.??.??"]

1. e4 e6 2. d4 d5 3. Nc3 Bb4 4. e5 c5 5. a3 Bxc3+ 6. bxc3 Ne7 7. f4 Bd7 8. Nf3
Ba4 9. Be3 Nf5 10. Qd2 Nxe3 11. Qxe3 Bxc2 12. dxc5 O-O 13. Nd4 Be4 14. Bd3 Bxg2
15. Rg1 Be4 16. Bxe4 dxe4 17. Qxe4 Qh4+ 18. Ke2 Nc6 19. Nxc6 bxc6 20. Qg2 g6
21. Qg3 Qh5+ 22. Ke3 Rfd8 23. Qf3 Rd3+ {rigby resigns} 0-1

[Event "ICS rated standard match"]
[Site "204.178.125.65"]
[Date "2001.01.06"]
[Round "?"]
[White "Hossa"]
[Black "nitmo"]
[Result "1-0"]
[WhiteElo "2346"]
[BlackElo "1924"]
[PlyCount "73"]
[EventDate "2001.??.??"]

1. d4 d5 2. Bf4 e6 3. e3 Bd6 4. Bxd6 Qxd6 5. Nc3 Nf6 6. Qd2 c6 7. Nf3 Nbd7 8.
O-O-O a5 9. Bd3 a4 10. h4 b5 11. Ne2 Nb6 12. h5 h6 13. Kb1 Nc4 14. Qc1 Ke7 15.
Rh4 Bd7 16. Re1 Rhb8 17. Reh1 b4 18. Bxc4 dxc4 19. e4 b3 20. e5 bxa2+ 21. Kxa2
Qd5 22. exf6+ gxf6 23. Nc3 Qa5 24. Nb1 c3 25. bxc3 a3 26. c4 Rb2+ 27. Ka1 Rab8
28. Qd2 Qa4 29. Qc3 a2 30. Na3 Rb1+ 31. Kxa2 R8b2+ 32. Qxb2 Rxb2+ 33. Kxb2 c5
34. c3 Bc6 35. d5 exd5 36. cxd5 Bxd5 37. Rxa4 {nitmo resigns} 1-0

[Event "ICS Rated blitz match"]
[Site "204.178.125.65"]
[Date "2001.01.06"]
[Round "?"]
[White "Hossa"]
[Black "parnenzinij"]
[Result "1-0"]
[WhiteElo "2564"]
[BlackElo "2047"]
[PlyCount "75"]
[EventDate "2001.??.??"]

1. e4 Nf6 2. e5 Nd5 3. d4 d6 4. Nf3 g6 5. Bc4 c6 6. O-O Bg7 7. exd6 Qxd6 8.
Nbd2 O-O 9. Ne4 Qd8 10. c3 Nd7 11. Bd3 N7f6 12. Nxf6+ Nxf6 13. Re1 Re8 14. Ne5
Nd5 15. Bd2 Qc7 16. Qf3 f6 17. Ng4 Bxg4 18. Qxg4 Qc8 19. Qh4 Qd7 20. Rad1 e6
21. c4 Nb6 22. Bb4 Qf7 23. Qf4 Rad8 24. b3 Rd7 25. Re3 e5 26. dxe5 fxe5 27.
Qxf7+ Kxf7 28. Rde1 Red8 29. Bc2 Re8 30. f4 Nc8 31. fxe5 Kg8 32. e6 Rc7 33. Rd3
Bf8 34. Bxf8 Kxf8 35. Rf1+ Kg8 36. Rd7 Re7 37. Rf7 Rxf7 38. exf7+ {
parnenzinij resigns} 1-0

[Event "ICS rated blitz match"]
[Site "204.178.125.65"]
[Date "2001.01.06"]
[Round "?"]
[White "Emrekid"]
[Black "Hossa"]
[Result "0-1"]
[WhiteElo "2075"]
[BlackElo "2566"]
[PlyCount "52"]
[EventDate "2001.??.??"]

1. e4 e6 2. d3 d5 3. Nd2 Nc6 4. g3 Nf6 5. Bg2 Be7 6. Ngf3 dxe4 7. dxe4 O-O 8.
c3 Qd3 9. Qe2 Qxe2+ 10. Kxe2 Rd8 11. Re1 b6 12. Kf1 Ng4 13. h3 Nge5 14. Nxe5
Nxe5 15. Nf3 Nd3 16. Rd1 Ba6 17. Kg1 Bc5 18. Rd2 Bb7 19. b4 Be7 20. Re2 a5 21.
b5 Rab8 22. Nd4 e5 23. Nf5 Bf8 24. Be3 Ba3 25. Rd1 Nc5 26. Bxc5 Rxd1+ {
Emrekid resigns} 0-1

[Event "ICS rated blitz match"]
[Site "204.178.125.65"]
[Date "2001.01.07"]
[Round "?"]
[White "PostModernist"]
[Black "Hossa"]
[Result "1-0"]
[WhiteElo "2590"]
[BlackElo "2568"]
[PlyCount "135"]
[EventDate "2001.??.??"]

1. e4 e6 2. d4 d6 3. Bc4 d5 4. Bd3 dxe4 5. Bxe4 Nf6 6. Bf3 c5 7. Ne2 cxd4 8.
Qxd4 Qxd4 9. Nxd4 Bc5 10. Nb3 Bb4+ 11. Bd2 Bxd2+ 12. N1xd2 Nc6 13. Bxc6+ bxc6
14. Nc4 Nd5 15. O-O-O Rb8 16. Nba5 Bd7 17. Ne5 Rb4 18. a3 Rf4 19. f3 Ra4 20.
Nb7 Bc8 21. Nc5 Ra5 22. Ne4 O-O 23. Nxc6 Ra6 24. Ne5 f6 25. Nc4 Rc6 26. Na5 Rc7
27. Rhe1 Nb6 28. b4 e5 29. Nd6 a6 30. c4 Be6 31. c5 Rd8 32. Ndb7 Rd5 33. Nd8
Bd7 34. Ndc6 Bxc6 35. cxb6 Rc8 36. Kb2 Rxd1 37. Rxd1 Rb8 38. Nxc6 Rxb6 39. Rd6
Kf8 40. a4 Rb7 41. Rd8+ Kf7 42. Rb8 Rd7 43. Rb7 Rxb7 44. Nd8+ Ke7 45. Nxb7 g6
46. a5 Kd7 47. Nc5+ Kc6 48. Nxa6 f5 49. Kc3 Kb5 50. Nc5 h6 51. a6 Kb6 52. Kc4
g5 53. Kd5 e4 54. fxe4 fxe4 55. Kxe4 h5 56. Kf5 g4 57. Kg5 g3 58. hxg3 Ka7 59.
b5 Kb6 60. Nd7+ Kxb5 61. a7 Kc6 62. a8=Q+ Kb5 63. Qe4 Ka5 64. Qb7 Ka4 65. Nc5+
Ka5 66. Nd3 h4 67. gxh4 Ka4 68. Qb4# {Hossa checkmated} 1-0

[Event "ICS rated blitz match"]
[Site "204.178.125.65"]
[Date "2001.01.07"]
[Round "?"]
[White "Hossa"]
[Black "PostModernist"]
[Result "0-1"]
[WhiteElo "2553"]
[BlackElo "2606"]
[PlyCount "154"]
[EventDate "2001.??.??"]

1. d4 d5 2. c4 c6 3. Nf3 dxc4 4. e3 Be6 5. Ne5 b5 6. a4 f6 7. Nf3 g5 8. axb5
cxb5 9. b3 Nc6 10. bxc4 bxc4 11. Nfd2 Bf7 12. Qa4 Rc8 13. Bb2 e5 14. dxe5 Bb4
15. exf6 Nxf6 16. Bc3 Bxc3 17. Nxc3 O-O 18. Nxc4 Ng4 19. f3 Nce5 20. Nxe5 Nxe5
21. Ne4 Rc7 22. Rd1 Qe7 23. Nd6 Be6 24. Bb5 Rd8 25. Ne4 Rxd1+ 26. Qxd1 Qb4+ 27.
Kf2 Rc8 28. Qb1 Qxb1 29. Rxb1 Bf5 30. Ra1 Bxe4 31. fxe4 Rc2+ 32. Kg1 Rc5 33.
Be2 a5 34. Rd1 Kf7 35. Rd5 Rxd5 36. exd5 a4 37. Bd1 a3 38. Bb3 Nd3 39. d6+ Ke8
40. Be6 Nc1 41. e4 a2 42. Bxa2 Nxa2 43. Kf2 Kd7 44. e5 Nb4 45. Ke3 Ke6 46. Ke4
Nc6 47. d7 Nd8 48. h3 h6 49. g3 Nb7 50. Kd4 Kxd7 51. Kd5 Nd8 52. h4 gxh4 53.
gxh4 Ne6 54. Ke4 Ng7 55. Kf3 Ke6 56. Kf4 Kd5 57. e6 Kxe6 58. Kg4 h5+ 59. Kf4
Kf6 60. Kg3 Nf5+ 61. Kh3 Kg6 62. Kh2 Nxh4 63. Kg3 Kg5 64. Kf2 Nf5 65. Kf3 h4
66. Kg2 Kg4 67. Kh2 h3 68. Kg1 Ne3 69. Kh2 Nd1 70. Kg1 Kg3 71. Kf1 h2 72. Ke2
h1=Q 73. Kd3 Qd5+ 74. Kc2 Qb5 75. Kd2 Kf3 76. Kc2 Ke2 77. Kc1 Qb2# {
Hossa checkmated} 0-1

[Event "ICS rated standard match"]
[Site "204.178.125.65"]
[Date "2001.01.07"]
[Round "?"]
[White "Hossa"]
[Black "DPC2000"]
[Result "1-0"]
[WhiteElo "2349"]
[BlackElo "2390"]
[PlyCount "103"]
[EventDate "2001.??.??"]

1. d4 e6 2. e4 d5 3. Nd2 Nf6 4. e5 Nfd7 5. Ngf3 c5 6. c3 Nc6 7. Bd3 Qb6 8. dxc5
Qc7 9. O-O Ndxe5 10. Nxe5 Nxe5 11. Nb3 Nxd3 12. Qxd3 Be7 13. Re1 O-O 14. Qd4
Qc6 15. Bf4 Rd8 16. Qe3 Bd7 17. Na5 Qa6 18. b4 Rac8 19. Nb3 Re8 20. Qg3 Bf6 21.
Re3 Bb5 22. Be5 Bxe5 23. Qxe5 f6 24. Qd4 Red8 25. f4 Bc4 26. Na5 Re8 27. Nxc4
dxc4 28. Rg3 Rc7 29. Qxf6 Rf7 30. Qd4 Ref8 31. Rf3 Rf5 32. Qe4 R5f7 33. g3 Rd8
34. a4 e5 35. fxe5 Re7 36. Raf1 Rde8 37. Rf4 h6 38. Rf5 Qe6 39. b5 Rc7 40. R5f4
Rxc5 41. Qxb7 Rxe5 42. Qxa7 Re2 43. Qc5 Rc2 44. Qxc4 Qxc4 45. Rxc4 Ree2 46. Rh4
Ra2 47. Rb1 Rg2+ 48. Kh1 g5 49. Rxh6 Kg7 50. Rh3 g4 51. Rh4 Kf6 52. b6 {
DPC2000 resigns} 1-0

[Event "ICS rated blitz match"]
[Site "204.178.125.65"]
[Date "2001.01.07"]
[Round "?"]
[White "Hossa"]
[Black "PostModernist"]
[Result "1-0"]
[WhiteElo "2539"]
[BlackElo "2624"]
[PlyCount "171"]
[EventDate "2001.??.??"]

1. d4 Nf6 2. c4 e6 3. Nc3 Bb4 4. e3 c5 5. Nge2 cxd4 6. exd4 d5 7. a3 Be7 8.
cxd5 Nxd5 9. Nxd5 Qxd5 10. Nc3 Qd8 11. Bc4 O-O 12. O-O Nc6 13. d5 exd5 14. Nxd5
Be6 15. Nxe7+ Qxe7 16. Re1 Qh4 17. Bd3 Rfe8 18. Be3 Red8 19. Qe2 Ne5 20. Bb5 a6
21. Bb6 Rd5 22. Bc7 f6 23. Bd3 Rc8 24. Bxe5 Rxe5 25. Qd2 Bb3 26. Rxe5 fxe5 27.
Qe3 Rf8 28. Rf1 Bf7 29. Qxe5 Re8 30. Qc7 Bd5 31. Qg3 Qd4 32. Qh3 g6 33. Qd7 Rf8
34. Bc2 Rf7 35. Qd8+ Rf8 36. Qd6 Rf6 37. Qb4 Qxb4 38. axb4 Rf4 39. b5 axb5 40.
Rd1 Bc6 41. f3 Kg7 42. Kf2 Rc4 43. Bb3 Rf4 44. Rd2 h6 45. Rd6 g5 46. Be6 h5 47.
h3 h4 48. Ke3 Ra4 49. Bf5 Rb4 50. Rd2 Kf6 51. Bd3 Ke5 52. Rc2 Kd6 53. Re2 Kd5
54. Bg6 Rd4 55. Rc2 Ke5 56. Rc5+ Rd5 57. Rc1 Rd4 58. Bd3 b4 59. b3 Bd5 60. Rc5
Rxd3+ 61. Kxd3 Kd6 62. Kd4 Bxb3 63. Rxg5 Bc2 64. Rg4 b3 65. Kc3 b5 66. Rxh4 Kc6
67. g3 Kc5 68. Rf4 Kc6 69. Rd4 Kc5 70. Rg4 Kc6 71. Rf4 Bd1 72. Rf6+ Kc5 73. Rf4
Kc6 74. Rf7 b4+ 75. Kb2 Kc5 76. Rf4 Kb5 77. Rf5+ Kc4 78. Rf8 Bc2 79. Rc8+ Kd4
80. Rxc2 bxc2 81. Kxc2 Ke5 82. g4 Kf6 83. g5+ Kxg5 84. Kb3 Kh4 85. f4 Kh5 86.
Kxb4 {PostModernist resigns} 1-0

[Event "ICS rated standard match"]
[Site "204.178.125.65"]
[Date "2001.01.07"]
[Round "?"]
[White "Hossa"]
[Black "Restrell"]
[Result "1-0"]
[WhiteElo "2381"]
[BlackElo "2031"]
[PlyCount "81"]
[EventDate "2001.??.??"]

1. e4 e5 2. Nf3 Nc6 3. Bb5 a6 4. Ba4 Nf6 5. O-O Be7 6. Re1 b5 7. Bb3 O-O 8. c3
d6 9. h3 Na5 10. Bc2 c5 11. d4 cxd4 12. cxd4 Bb7 13. Nbd2 Rc8 14. Nf1 Qc7 15.
Re2 Rfe8 16. d5 Nc4 17. Bd3 Qa5 18. Rb1 Nb6 19. b4 Qa4 20. Qe1 Nc4 21. Bg5 Na3
22. Rb3 g6 23. Ne3 Nh5 24. Bh6 Bf8 25. Bxf8 Nf4 26. Bxd6 Nxe2+ 27. Qxe2 f6 28.
Ne1 Rc1 29. Ng4 Kf7 30. Qd2 Rec8 31. Nh6+ Kg7 32. Kf1 Ra1 33. Ng4 Kf7 34. Qh6
Rh8 35. Nxe5+ fxe5 36. Bxe5 Rxa2 37. Qg7+ Ke8 38. Bf6 Qxb4 39. Rxb4 Rxf2+ 40.
Kxf2 Rf8 41. Qe7# {Restrell checkmated} 1-0

[Event "ICS rated blitz match"]
[Site "204.178.125.65"]
[Date "2001.01.07"]
[Round "?"]
[White "pob"]
[Black "Hossa"]
[Result "0-1"]
[WhiteElo "2223"]
[BlackElo "2559"]
[PlyCount "72"]
[EventDate "2001.??.??"]

1. e4 e6 2. d4 d6 3. Nc3 d5 4. Nf3 Bb4 5. Bd3 dxe4 6. Bxe4 Nf6 7. Bg5 h6 8.
Bxf6 Qxf6 9. O-O O-O 10. Bd3 Nc6 11. Ne4 Qf4 12. g3 Qg4 13. Kg2 e5 14. Nxe5
Qh3+ 15. Kh1 Nxe5 16. dxe5 Re8 17. f4 Bd7 18. c3 Bf8 19. Re1 Red8 20. Qc2 Bc6
21. Kg1 Rd7 22. Bf1 Qe6 23. Rad1 Qxa2 24. Rxd7 Bxd7 25. Rd1 Ba4 26. Qb1 Qxb1
27. Rxb1 Rd8 28. Ra1 Bc2 29. Nf2 Bc5 30. Re1 Bb3 31. Be2 Rd2 32. Kg2 Bb6 33.
Kf1 Rxb2 34. Ne4 Bd5 35. Rd1 Bxe4 36. Rd8+ Kh7 {pob resigns} 0-1

[Event "ICS rated blitz match"]
[Site "204.178.125.65"]
[Date "2001.01.07"]
[Round "?"]
[White "Hossa"]
[Black "Eniac2"]
[Result "0-1"]
[WhiteElo "2563"]
[BlackElo "2388"]
[PlyCount "84"]
[EventDate "2001.??.??"]

1. d4 d5 2. Bf4 c5 3. e3 Nf6 4. dxc5 Nc6 5. Bb5 e6 6. b4 Be7 7. Nf3 O-O 8. c3
Nh5 9. Be5 Nxe5 10. Nxe5 g6 11. O-O Ng7 12. c6 Qc7 13. f4 Nf5 14. Re1 f6 15.
cxb7 Bxb7 16. Ng4 a5 17. bxa5 Rxa5 18. Bd3 Rb8 19. Qc2 Rc5 20. Qf2 h5 21. Bxf5
gxf5 22. Nh6+ Kg7 23. Nxf5+ exf5 24. a4 Ra5 25. Qe2 Bc5 26. Qf3 Bc6 27. Qg3+
Kh6 28. Nd2 Rb2 29. Qf2 Rxa4 30. Rxa4 Bxa4 31. Ra1 Bb6 32. Rc1 Qc5 33. Re1 Qxc3
34. g4 fxg4 35. f5 Rxd2 36. Qf4+ Kg7 37. Qxa4 Bxe3+ 38. Kh1 Rxh2+ 39. Kxh2 Qd2+
40. Re2 Qxe2+ 41. Kh1 Qf3+ 42. Kh2 Qh3# {Hossa checkmated} 0-1

[Event "ICS rated blitz match"]
[Site "204.178.125.65"]
[Date "2001.01.07"]
[Round "?"]
[White "pob"]
[Black "Hossa"]
[Result "0-1"]
[WhiteElo "2222"]
[BlackElo "2540"]
[PlyCount "84"]
[EventDate "2001.??.??"]

1. e4 e6 2. d4 d5 3. Nc3 Bb4 4. e5 c5 5. a3 Bxc3+ 6. bxc3 Ne7 7. Nf3 Qc7 8. a4
Nbc6 9. Be2 cxd4 10. cxd4 Nb4 11. Bd3 Qc3+ 12. Bd2 Nxd3+ 13. Ke2 Nxf2 14. Kxf2
Qc4 15. Rf1 Nf5 16. Bg5 h6 17. Bc1 Bd7 18. Kg1 Bxa4 19. Rf2 b6 20. g4 Ne7 21.
Ba3 Rc8 22. Ne1 Nc6 23. Qf3 Rc7 24. c3 a5 25. Ng2 Bb3 26. Bd6 Ra7 27. Rc1 Nxd4
28. Qg3 Ne2+ 29. Rxe2 Qxe2 30. Nf4 Qd2 31. Rf1 Bc4 32. Rf2 Qe1+ 33. Kg2 Qe4+
34. Kh3 Rg8 35. Nh5 Qh1 36. g5 hxg5 37. Qxg5 Rh8 38. Kh4 g6 39. Qxg6 fxg6 40.
Kg5 Rxh5+ 41. Kxg6 Qg1+ 42. Kxh5 Rh7# {pob checkmated} 0-1

[Event "ICS rated blitz match"]
[Site "204.178.125.65"]
[Date "2001.01.07"]
[Round "?"]
[White "pob"]
[Black "Hossa"]
[Result "0-1"]
[WhiteElo "2214"]
[BlackElo "2548"]
[PlyCount "46"]
[EventDate "2001.??.??"]

1. e4 e6 2. d4 d5 3. e5 c5 4. c3 Nc6 5. f4 cxd4 6. cxd4 Bb4+ 7. Bd2 Qb6 8. Nf3
Nge7 9. Bd3 Nxd4 10. Bxb4 Nxf3+ 11. Qxf3 Qxb4+ 12. Nc3 Qxb2 13. O-O Bd7 14.
Rfc1 Rc8 15. Ne2 Rxc1+ 16. Rxc1 Qxa2 17. Nd4 a6 18. f5 exf5 19. Nxf5 Nxf5 20.
Bxf5 Bxf5 21. Qxf5 O-O 22. Rc7 Qb2 23. e6 Qb6+ {pob resigns} 0-1

[Event "ICS rated blitz match"]
[Site "204.178.125.65"]
[Date "2001.01.07"]
[Round "?"]
[White "Hossa"]
[Black "WinChesser"]
[Result "1-0"]
[WhiteElo "2552"]
[BlackElo "2256"]
[PlyCount "59"]
[EventDate "2001.??.??"]

1. e4 c5 2. Nf3 e6 3. d4 cxd4 4. Nxd4 a6 5. c4 Nc6 6. Nxc6 bxc6 7. Bd3 Bb4+ 8.
Bd2 Qa5 9. Nc3 Ne7 10. a3 Bxc3 11. Bxc3 Qg5 12. O-O Ng6 13. e5 Nf4 14. Be4 f5
15. Bf3 Qh6 16. Qd6 g5 17. Bxc6 Ra7 18. Qb8 O-O 19. Bb4 dxc6 20. Bxf8 Qh4 21.
Qxc8 Qg4 22. Be7+ Kf7 23. Qf8+ Kg6 24. Qf6+ Kh5 25. Qf7+ Kh4 26. Qxh7+ Nh5 27.
b3 f4 28. h3 Qe2 29. Rfe1 Qd3 30. Qxd3 {WinChesser resigns} 1-0

[Event "ICS rated blitz match"]
[Site "204.178.125.65"]
[Date "2001.01.07"]
[Round "?"]
[White "WinChesser"]
[Black "Hossa"]
[Result "0-1"]
[WhiteElo "2251"]
[BlackElo "2557"]
[PlyCount "37"]
[EventDate "2001.??.??"]

1. e4 e6 2. d4 d5 3. Nc3 Bb4 4. e5 c5 5. a3 Bxc3+ 6. bxc3 Ne7 7. Qg4 O-O 8. Bd3
f5 9. Qh3 b6 10. Nf3 Qc7 11. Bd2 cxd4 12. cxd4 h6 13. Rg1 Ba6 14. g4 Bxd3 15.
cxd3 Qc2 16. gxf5 Nxf5 17. Ke2 Nc6 18. Rac1 Nfxd4+ 19. Ke1 {WinChesser resigns}
0-1

[Event "ICS rated blitz match"]
[Site "204.178.125.65"]
[Date "2001.01.07"]
[Round "?"]
[White "Hossa"]
[Black "WinChesser"]
[Result "1-0"]
[WhiteElo "2562"]
[BlackElo "2246"]
[PlyCount "47"]
[EventDate "2001.??.??"]

1. e4 c5 2. Nf3 d6 3. Bb5+ Bd7 4. Bxd7+ Nxd7 5. O-O g6 6. d4 cxd4 7. Qxd4 Ngf6
8. Nc3 Bg7 9. Bg5 O-O 10. e5 dxe5 11. Nxe5 Nxe5 12. Qxe5 h6 13. Rad1 Qb8 14.
Bxf6 Bxf6 15. Qe3 Kg7 16. Nd5 Qe5 17. Qxe5 Bxe5 18. Nxe7 Bxb2 19. Rb1 Bf6 20.
Rxb7 Rfe8 21. Nd5 Re2 22. Ne3 a5 23. Rd1 Bg5 24. Kf1 {WinChesser resigns} 1-0